000 01315cam a22003734a 4500
001 14325890
003 20170117122903.0
005 20240606080954.0
007 co cgu--------
008 060329s2007 njua b 001 0 eng
020 _a0721633196
040 _aDNLM/DLC
_cmut
_dYDXCP
_dNLM
_dBAKER
_dOCLCQ
_dDLC
042 _apcc
050 0 0 _aRT 41
_b.L735 1995
060 1 0 _aWY 150
_bB959m 2006
082 0 0 _a617/.0231
_222
100 1 _aLinton Adrianne Dill
245 1 0 _a Introductory nursing care of adults
260 _aPhiladelphia :
_bW.B. Saunders,
_cc1995.
300 _axix, 1384 p. :
_bill. (chiefly col.) ;
_c29 cm. +
504 _aIncludes bibliographical references (p. 1294-1313) and index.
538 _aSystem requirements for accompanying CD-ROM: Macintosh.
538 _aSystem requirements for accompanying CD-ROM: Windows.
650 0 _aSurgical nursing.
650 0 _aNursing.
650 1 2 _aNursing Care
_xmethods.
650 2 2 _aNursing Process.
700 1 _aMatterson, Mary Ann
700 1 _aMaebius, Nancy K..
856 4 1 _3Table of contents
_uhttp://www.loc.gov/catdir/toc/ecip0611/2006010702.html
906 _a7
_bcbc
_corignew
_d1
_eecip
_f20
_gy-gencatlg
942 _2lcc
_cBK
999 _c5312
_d5312